000 01759nam a2200205Ia 4500
999 _c7794
_d7794
005 20230416115805.0
008 230416s9999 xx 000 0 und d
040 _aUPAN
_cBiblioteca San Vicente
_eRCAA2
041 _aspa
082 _a310.1
_bA534e
100 _aAnderson, David R.
_4aut.
245 0 _aEstadística para la administración y economía/
_cDavid R. Anderson, Dennis J. Sweeney, Thomas A. Williams; María del Carmen Hano Roa
250 _a10ª ed.
260 _aMéxico:
_bCengage,
_c2008
300 _a1056 p.,
_c27 cm.
520 _aCapitulo 1: Datos y estadística Capitulo 2: Estadística descriptiva: presentaciones tabulares y graficas. Capitulo 3: Estadísticas descriptiva: medidas numéricas. Capitulo 4: Introducción a la probabilidad Capitulo 5: Distribución de probabilidad discreta Capitulo 6: Distribución de probabilidad continua Capitulo 7: Muestreo y distribuciones muestrales. Capitulo 8: Estimación por intervalo Capitulo 9: prueba de hipótesis Capitulo 10: Inferencias estadísticas acerca de medias y de proporciones con dos poblaciones Capitulo 11: Inferencia acerca de varianza poblacionales. Capitulo12: Pruebas de bondad de ajustes e independencia Capitulo 13: Diseño de experimentos y análisis de varianza Capitulo 14: Regresión lineal simple Capitulo 15: Regresión múltiple Capitulo 16: Análisis de regresión: construcción de modelos Capitulo 17: Números índice Capitulo 18: Pronostico Capitulo 19: Métodos no paramétricos Capitulo 20: Métodos estadísticos para el control calidad Capitulo 21: Análisis de decisión. Capitulo 22: Encuestas muestrales.
650 _2LEMB
_aEstadística
_xAdministración
700 _aDennis J. Sweeney
_4aut.
942 _cBK
_2ddc